000 00494nam a2200157 i 4500
001 99264
003 ES-MaACL
005 20230906182452.0
007 t|
008 050906s1969 sp ||||1| spa d
100 1 _aMartín Hidalgo, Marcelino.
_977527
245 1 0 _aOrigenes de la imprenta... /
_cMarcelino Martín Hidalgo.
260 _aMadrid :
_bArt. Gráf. J. San Martín,
_c1969.
300 _a102 p. con 1 lám. ret. aut., 4 lám., 3 h. ;
_c21 cm.
852 _aES-MaACL
_jC-44671
_bR.72565
999 _c99264
_d99264